So sánh trò chơi dân gian kéo co và thả diều trong văn hoá Việt Nam và Hàn Quốc /

Na minha lista:
Detalhes bibliográficos
Autor principal: Cao Thị Thanh Tâm.
Outros Autores: Dương Thị Thanh Phương.
Formato: Atigo
Idioma:Vietnamese
Assuntos:
Tags: Adicionar Tag
Sem tags, seja o primeiro a adicionar uma tag!
Thư viện lưu trữ: Thư viện Trường Đại học Đà Lạt
LEADER 00925nam a2200289 4500
001 DLU170181263
005 ##20171012
040 # # |a DLU  |b vie 
041 # # |a vie 
044 # # |a vn 
100 # # |a Cao Thị Thanh Tâm. 
245 # # |a So sánh trò chơi dân gian kéo co và thả diều trong văn hoá Việt Nam và Hàn Quốc /  |c Cao Thị Thanh Tâm, Dương Thị Thanh Phương. 
653 # # |a Kéo co 
653 # # |a Tín ngưỡng nông nghiệp 
653 # # |a Thả diều 
653 # # |a Việt Nam 
653 # # |a Hàn Quốc 
700 # # |a Dương Thị Thanh Phương. 
773 # # |t Nghiên cứu Đông Bắc Á  |g Số 8(186), 2016, tr. 69-77 
920 # # |a Phòng Tạp chí -- Trung tâm Thông tin - Thư viện Trường Đại học Đà Lạt 
900 # # |a True 
911 # # |a Nguyễn Thị Thu Phương 
925 # # |a G 
926 # # |a A 
927 # # |a BB 
980 # # |a Thư viện Trường Đại học Đà Lạt